Cote d'Ivoire : Joint Staff Advisory Note on the Progress Report of the Poverty Reduction Strategy Paper.

This Joint Staff Advisory Note focuses on the progress report (PR) of the Poverty Reduction Strategy Paper (PRSP) for Cote d'Ivoire. The PR notes the difficulty of implementing the PRSP in a period of continued political crisis and civil conflict. It emphasizes that economic performance was aff...

Celý popis

Podrobná bibliografie
Korporativní autor: International Monetary Fund
Médium: Časopis
Jazyk:English
Vydáno: Washington, D.C. : International Monetary Fund, 2012.
Edice:IMF Staff Country Reports; Country Report ; No. 2012/184
On-line přístup:Full text available on IMF
LEADER 01644cas a2200241 a 4500
001 AALejournalIMF012002
008 230101c9999 xx r poo 0 0eng d
020 |c 5.00 USD 
020 |z 9781475506280 
022 |a 1934-7685 
040 |a BD-DhAAL  |c BD-DhAAL 
110 2 |a International Monetary Fund. 
245 1 0 |a Cote d'Ivoire :   |b Joint Staff Advisory Note on the Progress Report of the Poverty Reduction Strategy Paper. 
264 1 |a Washington, D.C. :  |b International Monetary Fund,  |c 2012. 
300 |a 1 online resource (11 pages) 
490 1 |a IMF Staff Country Reports 
500 |a <strong>Off-Campus Access:</strong> No User ID or Password Required 
500 |a <strong>On-Campus Access:</strong> No User ID or Password Required 
506 |a Electronic access restricted to authorized BRAC University faculty, staff and students 
520 3 |a This Joint Staff Advisory Note focuses on the progress report (PR) of the Poverty Reduction Strategy Paper (PRSP) for Cote d'Ivoire. The PR notes the difficulty of implementing the PRSP in a period of continued political crisis and civil conflict. It emphasizes that economic performance was affected by various domestic shocks. The PR highlights efforts to strengthen public financial management (PFM) and reform the cocoa sector. It also notes several actions undertaken to build and consolidate peace and strengthen social cohesion in the country. 
538 |a Mode of access: Internet 
830 0 |a IMF Staff Country Reports; Country Report ;  |v No. 2012/184 
856 4 0 |z Full text available on IMF  |u http://elibrary.imf.org/view/journals/002/2012/184/002.2012.issue-184-en.xml  |z IMF e-Library